Northamptonshire Places - Sudden Death - Statistics

General Stats
  • This quiz has been taken 58 times
  • The average score is 10 of 14
Answers on the Grid
Answers color-coded by a green-red scale on the quiz's grid according to % correct below.
Aylesbury
Boston
Brackley
Chichester
Corby
Daventry
Desborough
Grange-over-Sands
Hartlepool
Kettering
Lichfield
Maidstone
Newmarket
Northampton
Oundle
Raunds
Reading
Rothwell
Rushden
Saffron Walden
Silverstone
Stratford-upon-Avon
Swindon
Thrapston
Towcester
Truro
Wantage
Wellingborough
 
Answer Stats
Answer % Correct
Northampton
90%
Daventry
83%
Kettering
79%
Wellingborough
79%
Corby
76%
Silverstone
74%
Rushden
71%
Towcester
71%
Brackley
64%
Oundle
62%
Raunds
60%
Rothwell
55%
Thrapston
55%
Desborough
52%
No matching quizzes found
Score Distribution
Percent of People with Each Score
Percentile by Number Answered
Your Score History
You have not taken this quiz